000 00179nam a2200073Ia 4500
008 170817s9999 xx 000 0 und d
100 _aModi.Vikas
245 0 _aShikshik Manovigyan
260 _bRadha Prakashan Agra
999 _c39246
_d39246